| 000 | 02390nam a2200217Ia 4500 | ||
|---|---|---|---|
| 003 | Ost | ||
| 005 | 20260507075012.0 | ||
| 008 | 260507s9999||||xx |||||||||||||| ||und|| | ||
| 020 | _a9957071971 | ||
| 040 | _cfsecg | ||
| 041 | _aara | ||
| 082 | _a519.5 | ||
| 100 |
_aسمور، خالد قاسم _eمؤلف |
||
| 245 | 0 |
_aالاحصاء / _c خالد قاسم سمور |
|
| 260 |
_aعمان: _bدار الفكر, _c2007 |
||
| 300 |
_a648 صفحة؛ _c24 سم |
||
| 520 | _aالمحتويات : الفصل الاول : الاحصاء : عرض البيانات الاحصائية ووصفها : مقدمة عن علم الاحصاء : تعريف علم الاحصاء : المشاهدة : الفرضية- الفصل الثانى : الاحتمالات : الفضاء العينى : الحادث : الحادث البسيط : الحادث المستحيل : الحادث الاكيد : الحوادث المنفصلة : بديهات الاحتمال : نظريات الاحتمال-الفصل الثالث : العينات : نظرية العينات : طريقة المسح الشامل- الفصل الرابع : الفرضيات : اختبار الفرضيات : الفرضية الاحصائية : البيانات الاحصائية- الفصل الخامس : التقدير الاحصائى : التقدير بنقطة : التقدير بفترة : التقدير النقطى بطريق العزوم- الفصل السادس : معامل الارتباط : الارتباط : الارتباط الخطى : الارتباط الطردي : الارتباط العكسي-الفصل السابع : السلاسل الزمنية : السلسلة الزمنية : انواع السلاسل الزمنية : دراسة وتحليل السلاسل الزمنية- الفصل لثامن : الاحصاءات الحيوية : الوصف الديمغرافي : البيانات الديمغرافية : مصادر جمع البيانات السكانية- الفصل التاسع : الضبط الاحصائي : لوحات الضبط : الخط الوسطى : خط النهاية العليا للضبط : خط النهاية الدنيا للضبط : لوحات الضبط للقياسات : لوحة الوسط : لوحى المدى : تقدير الانحراف المعياري للجميع | ||
| 653 | _aالاحصاء | ||
| 653 | _aالاحصاء الرياضي | ||
| 942 | _cكتاب | ||
| 999 |
_c42167 _d42167 |
||